000 00549nam a2200193Ia 4500
008 151121s9999||||xx |||||||||||||| ||und||
082 _a796।35/Tho
082 _bHNW-42158
100 _aThomson A। A।
245 _aCricket Bouquet : Comedy & Character।।
260 _b"Museum Press Ltd, London"
260 _c--
300 _a208
600 _aThomson A। A।
630 _aCricket Bouquet : Comedy & Character।।
700 _aThomson A। A।
730 _aCricket Bouquet : Comedy & Character।।
942 _cBOOK
999 _c1230884
_d1230881